Maintainability : (Record no. 4557)
[ view plain ]
| 000 -LEADER | |
|---|---|
| fixed length control field | 01248nac a22002651u 4500 |
| 010 ## - LIBRARY OF CONGRESS CONTROL NUMBER | |
| LC control number | 94013474 |
| 020 ## - INTERNATIONAL STANDARD BOOK NUMBER | |
| International Standard Book Number | 0471591327 (acid-free paper) |
| 082 00 - DEWEY DECIMAL CLASSIFICATION NUMBER | |
| Classification number | 620.0045 |
| Item number | B6392 |
| 090 ## - LOCALLY ASSIGNED LC-TYPE CALL NUMBER (OCLC); LOCAL CALL NUMBER (OCLC) | |
| -- | 4557 |
| -- | 4557 |
| 100 ## - MAIN ENTRY--PERSONAL NAME | |
| Personal name | Blanchard, Benjamin S. |
| 245 10 - TITLE STATEMENT | |
| Title | Maintainability : |
| Remainder of title | a key to effective serviceability and maintenance management / |
| Statement of responsibility, etc | Benjamin S. Blanchard, Dinesh Verma, Elmer L. Peterson. |
| 260 ## - PUBLICATION, DISTRIBUTION, ETC. (IMPRINT) | |
| Place of publication, distribution, etc | New York : |
| Name of publisher, distributor, etc | Wiley,c1995. |
| Date of publication, distribution, etc | c1995. |
| 300 ## - PHYSICAL DESCRIPTION | |
| Extent | xvi, 537 p. : |
| Other physical details | ill., map ; |
| Dimensions | 24 cm. |
| 440 #0 - | |
| -- | New dimensions in engineering |
| 500 ## - GENERAL NOTE | |
| General note | "A Wiley-Interscience publication." |
| 504 ## - BIBLIOGRAPHY, ETC. NOTE | |
| Bibliography, etc | Includes bibliographical references (p. 513-525) and index. |
| 650 #0 - SUBJECT ADDED ENTRY--TOPICAL TERM | |
| Topical term or geographic name as entry element | Maintainability (Engineering) |
| 700 1# - ADDED ENTRY--PERSONAL NAME | |
| Personal name | Verma, Dinesh, |
| Dates associated with a name | 1964- |
| 700 1# - ADDED ENTRY--PERSONAL NAME | |
| Personal name | Peterson, Elmer L. |
| 856 42 - ELECTRONIC LOCATION AND ACCESS | |
| Materials specified | Contributor biographical information |
| Uniform Resource Identifier | <a href="http://www.loc.gov/catdir/bios/wiley041/94013474.html">http://www.loc.gov/catdir/bios/wiley041/94013474.html</a> |
| 856 42 - ELECTRONIC LOCATION AND ACCESS | |
| Materials specified | Publisher description |
| Uniform Resource Identifier | <a href="http://www.loc.gov/catdir/description/wiley031/94013474.html">http://www.loc.gov/catdir/description/wiley031/94013474.html</a> |
| 856 42 - ELECTRONIC LOCATION AND ACCESS | |
| Materials specified | Table of Contents |
| Uniform Resource Identifier | <a href="http://www.loc.gov/catdir/toc/onix02/94013474.html">http://www.loc.gov/catdir/toc/onix02/94013474.html</a> |
| 942 ## - ADDED ENTRY ELEMENTS (KOHA) | |
| Item type | Book - Borrowing |
| Call number prefix | 620.0045B6392 |
| Withdrawn status | Item status | Source of classification or shelving scheme | Damaged status | Not for loan | Home library | Current library | Shelving location | Date acquired | Source of acquisition | Total Checkouts | Full call number | Barcode | Date last seen | Date last borrowed | Koha item type |
|---|---|---|---|---|---|---|---|---|---|---|---|---|---|---|---|
| Dewey Decimal Classification | Central Library | Central Library | First floor | 07/09/2010 | Purchase | 2 | 620.0045 BLA | 000005697 | 15/07/2025 | 27/04/2015 | Book - Borrowing |